000 00313nam a2200133Ia 4500
008 100328s9999 xx 000 0 und d
082 _b72720
100 _aतिबिले अनंत.
245 _aधडक
260 _bसुकृत.
630 _aधडक
730 _aधडक
942 _cBOOK
999 _c558441
_d558438